000 00752nam a2200193Ii 4500
003 JO-AjNU
008 230605s9999||||xx |||||||||||||| ||und||
040 _aJO-AjNU
_bara
_erda
_cJO-AjNU
041 _aara
050 1 4 _aQC176.8.E45.M65 1978
100 3 _aموريس، نويل ؛ ترجمة سميرة رستم ؛ مراجعة محمد لطفي السيد ,
_eauthor
_936057
245 0 0 _aالالكترونيات في خدمة التطبيقات الكهربائيه
264 3 1 _aالمملكة المتحدة:دار ماكجروهيل ، 1987
300 _a318ص
336 _atext
_btxt
_2rdacontent
337 _aunmediated
_bn
_2rdamedia
338 _avolume
_bnc
_2rdacarrier
650 4 _aاجهزة كهربائية-المجتمع
_936058
999 _aA14946
_c18514
_d18514